000
00289nam a2200133Ia 4500
008
231129s1965||||xx |||||||||||||| ||spa||
040
_b
rus
082
_a
621.481 G542e
100
_a
Gladkov K.
245
0
_a
La energia del atomo
260
_c
1965
264
_a
Paz
942
_2
ddc
_c
BKS
999
_c
16956
_d
16956